| 000 | 00735nas a2200241 4500 | ||
|---|---|---|---|
| 001 | BR8304299 | ||
| 003 | BR-BrBNA | ||
| 005 | 20231205085647.0 | ||
| 007 | ta | ||
| 008 | 230509b bl.|||p| |||| 00| 00por d | ||
| 040 |
_aBR-BrBNA _bpor _cBiblioteca Nacional de Agricultura |
||
| 041 | _a(Pt) | ||
| 072 | _aL00 | ||
| 100 | 1 | _aCamargo, J.M.F. | |
| 100 | 1 | _aMoure, J.S. | |
| 245 | 1 | _aTrichotrigona, um novo genero de Meliponinae (Hymenoptera, Apidae), do rio Negro, Amazonas, Brasil [abelha] | |
| 650 | _aABELHA | ||
| 650 | _aRIO NEGRO | ||
| 650 | _aAMAZONAS | ||
| 773 | 0 |
_tActa Amazonica (Brazil) _xISSN 0044-5967 _g(Apr 1983), v. 13(2) p. 421-429 _wBR8304299 |
|
| 909 |
_a202311 _bLúcia _c55 _dLúcia Elande |
||
| 942 |
_2AGRIS _n0 _cANA |
||
| 999 |
_c112874 _d112874 |
||